Library Logo

Pioneer International University Library Catalogue

The psychotherapy maze : (Record no. 5733)

MARC details
000 -LEADER
fixed length control field 00655cam a2200193 i 4500
005 - DATE AND TIME OF LATEST TRANSACTION
control field 20250901165542.0
008 - FIXED-LENGTH DATA ELEMENTS--GENERAL INFORMATION
fixed length control field 770601s1977 nyu b 001 0 eng
010 ## - LIBRARY OF CONGRESS CONTROL NUMBER
LC control number 77071350
020 ## - INTERNATIONAL STANDARD BOOK NUMBER
International Standard Book Number 0030168864 :
Terms of availability $8.95
International Standard Book Number 0030228816
050 10 - LIBRARY OF CONGRESS CALL NUMBER
Classification number RC480 .E37 1977
Item number .E37
082 00 - DEWEY DECIMAL CLASSIFICATION NUMBER
Classification number 616.8/914
100 1# - MAIN ENTRY--PERSONAL NAME
Personal name Ehrenberg, Otto.
245 14 - TITLE STATEMENT
Title The psychotherapy maze :
Remainder of title a consumer's guide to the ins and outs of therapy /
Statement of responsibility, etc. Otto Ehrenberg and Miriam Ehrenberg.
250 ## - EDITION STATEMENT
Edition statement 1st ed.
260 ## - PUBLICATION, DISTRIBUTION, ETC.
Place of publication, distribution, etc. New York :
Name of publisher, distributor, etc. Holt, Rinehart and Winston,
Date of publication, distribution, etc. c1977.
300 ## - PHYSICAL DESCRIPTION
Extent xii, 192 p. ;
Dimensions 22 cm.
500 ## - GENERAL NOTE
General note Includes index.
942 ## - ADDED ENTRY ELEMENTS (KOHA)
Source of classification or shelving scheme Library of Congress Classification
Classification part RC480 .E37 1977
Holdings
Withdrawn status Lost status Source of classification or shelving scheme Damaged status Not for loan Home library Current library Shelving location Date acquired Total checkouts Full call number Barcode Date last seen Price effective from Koha item type
    Library of Congress Classification     Main Library Main Library   07/08/2021   RC480 .E37 1977 PIU0008257 07/08/2021 07/08/2021 Books